000 00505nam a2200181Ia 4500
005 20250508164243.0
008 008 250505s9999 xx 000 0 eng d
037 _aReference
040 _aFEDL
_beng
_cFEDL
041 _aeng
_2eng
084 _a420, NCE
_qFEDL
245 0 _aBeehive: Textbook in english for class 9th
245 0 _cNCERT
260 _aNew Delhi, India
_bNational Council of Educational
_c2006
300 _a147p.
942 _cREF
_h420, NCE
999 _c1387967
_d1387967